| Tag |
First Indicator |
Second Indicator |
Subfields |
| LEADER |
00000nam a22000007i 4500 |
| 001 |
in00005649721 |
| 003 |
OCoLC |
| 005 |
20250610135448.8 |
| 006 |
m o d |
| 007 |
cr cnu---unuuu |
| 008 |
250607s2025 nyu ob 001 0 eng d |
| 024 |
8 |
|
|a 40032805518
|
| 040 |
|
|
|a EBLCP
|b eng
|e rda
|c EBLCP
|d YDX
|
| 020 |
|
|
|a 9780807783030
|q electronic book
|
| 020 |
|
|
|a 080778303X
|q electronic book
|
| 035 |
|
|
|a (OCoLC)1520917884
|
| 050 |
|
4 |
|a LB1731
|b .P47 2025
|
| 082 |
0 |
4 |
|a 371.1
|2 23
|
| 100 |
1 |
|
|a Perks, Kevin.
|
| 245 |
1 |
2 |
|a A School Leader's Guide to VITAL Collaboration :
|b Building and Sustaining PLC Systems That Improve Teaching and Learning /
|c Kevin Perks.
|
| 264 |
|
1 |
|a New York, NY :
|b Teachers College Press,
|c [2025]
|
| 300 |
|
|
|a 1 online resource ( 158 p.) :
|
| 336 |
|
|
|a text
|b txt
|2 rdacontent
|
| 337 |
|
|
|a computer
|b c
|2 rdamedia
|
| 338 |
|
|
|a online resource
|b cr
|2 rdacarrier
|
| 341 |
0 |
|
|a textual
|2 sapdv
|3 EBSCOhost
|
| 504 |
|
|
|a Includes bibliographical references and index.
|
| 532 |
|
0 |
|3 EBSCOhost
|a "EBSCO evaluates our products based on the Web Content Accessibility Guidelines (WCAG) and the related Section 508 and EN 301 549 regulations in the US and EU. Most EBSCO products are substantially conformant with WCAG 2.2 level AA." Source: https://connect.ebsco.com/s/article/EBSCO-VPATs?language=en_US. Last accessed April 22, 2025.
|
| 588 |
|
|
|a Description based on online resource; title from digital title page (viewed on June 10, 2025).
|
| 650 |
|
0 |
|a Professional learning communities.
|
| 655 |
|
7 |
|a Electronic books.
|2 local
|
| 710 |
2 |
|
|a EBSCOhost
|
| 776 |
1 |
8 |
|i Print version:
|a Perks, Kevin
|t A School Leader's Guide to VITAL Collaboration
|d New York, NY : Teachers College Press,c2025
|z 9780807787007
|
| 856 |
4 |
0 |
|u http://proxy.library.tamu.edu/login?url=https://search.ebscohost.com/login.aspx?direct=true&scope=site&db=nlebk&db=nlabk&AN=4076630
|z Connect to the full text of this electronic book
|t 0
|
| 945 |
|
|
|b 443485
|
| 955 |
|
|
|a YBP purchased approval e-records
|
| 980 |
|
|
|b ebook
|c 40032805518
|f NONFIC/B
|g 565751
|k USD
|m 102.96
|q 1
|s AcqMono Conventional
|t Approval plan
|u Vendor order reference number
|v ZYBP
|y E-approvals
|z Electronic resource
|
| 999 |
f |
f |
|i dec89639-0e39-45cd-b869-9333d47864b6
|s d1bc16f9-8153-477c-a6a5-b4df279642bd
|t 0
|
| 952 |
f |
f |
|a Texas A&M University
|b College Station
|c Electronic Resources
|s www_evans
|d Available Online
|t 0
|e LB1731 .P47 2025
|h Library of Congress classification
|